| 000 | 01215nam a2200241Ia 4500 | ||
|---|---|---|---|
| 999 |
_c5349 _d5349 |
||
| 003 | OSt | ||
| 005 | 20200611110943.0 | ||
| 008 | 191128t1991 mx ad fr 000 0 spa d | ||
| 020 | _a968635641X | ||
| 040 |
_aCO-JMCR _cCO-JMCR |
||
| 041 | 0 | _aspa | |
| 082 | 0 | 4 |
_a330.0202 / _bL864e _223 |
| 100 | 1 |
_aLopez, Franklin A., _eautor _95497 |
|
| 245 | 1 | 0 |
_aEconomía al alcance de todos : _bejercicios para el sentido común / _cFranklin A. López y Antonio H. Martínez |
| 260 |
_aMéxico : _bHarla, _c©1991 |
||
| 300 |
_axvi, 160 páginas : _bgráficos a blanco y negro ; _c23 cm. |
||
| 504 | _aBibliográfia: página 159 | ||
| 505 | 0 | _aDe qué trata la economía -- Sistemas económicos -- La teoría de la elección -- Teoría básica de precios -- Papel que desempeñan los precios en las economías de mercado -- El dinero y la banca -- Causas e incidencias de la inflación | |
| 520 | _aEste texto está dirigido a quienes se interesan por los problemas socioeconómicos, para que puedan adquirir un razonable conocimiento acerca de los temas clásicos: consumo, producción, distribución, dinero y banca. | ||
| 650 | 1 | 4 |
_aEconomía _95498 |
| 700 | 1 |
_aMartínez, Antonio H., _eautor _95499 |
|
| 942 |
_2ddc _cBK |
||